Statistics for Canada Provinces & US States Bordering Each Other

Click here to take the quiz!

General Stats

  • This quiz has been taken 134 times
  • The average score is 18 of 19

Answer Stats

Province or State% Correct
Maine
97%
Ontario
97%
Quebec
97%
Washington
97%
Michigan
94%
Montana
94%
New York
94%
Vermont
94%
British Columbia
93%
New Hampshire
93%
Alberta
92%
Idaho
92%
North Dakota
92%
Saskatchewan
92%
Yukon
92%
Manitoba
91%
Alaska
90%
Minnesota
90%
New Brunswick
84%

Score Distribution

Percentile by Number Answered

Percent of People with Each Score

Your Score History

You have not taken this quiz